Normal view
MARC view
- Cornish, Vaughan
Entry Personal Name
001 - CONTROL NUMBER
- control field: 49537
003 - CONTROL NUMBER IDENTIFIER
- control field: NUST
005 - DATE AND TIME OF LATEST TRANSACTION
- control field: 20210314134347.0
008 - FIXED-LENGTH DATA ELEMENTS
- fixed length control field: 210314|| aca||aabn | a|a d
040 ## - CATALOGING SOURCE
- Original cataloging agency: NUST
- Transcribing agency: NUST
100 ## - HEADING--PERSONAL NAME
- Personal name: Cornish, Vaughan
670 ## - SOURCE DATA FOUND
- Source citation: Work cat.: (NUST): Cornish, Vaughan,, Naval and military geography of the British empire, 1916.
